000 00884nam a2200265 i 4500
001 105881
003 ES-MaACL
005 20230906184011.0
007 t|
008 060907s1961 ag ||||1| spa d
080 _a330.852(460)
080 _a327(460:47)"19"
080 _a327(47:460)"19"
100 1 _aGorkin, Julián.
_959188
245 1 0 _aEspaña, primer ensayo de democracia popular /
_cJulián Gorkin.
260 _a[Buenos Aires] :
_bAsociación Argentina por la Libertad de la Cultura,
_c[1961]
300 _a123 p. ;
_c18 cm.
490 1 _aBiblioteca de la libertad ;
_v8
650 4 _aComunismo-
_zEspaña.
_911217
651 4 _aEspaña-
_xRelaciones-
_zURSS.
_98479
651 4 _aURSS-
_xRelaciones-
_zEspaña.
_99486
830 1 _aBiblioteca de la libertad ;
_v8
_9185116
852 4 _aES-MaACL
_jAND-873
_z- Biblioteca Juan Andrade.
999 _c105881
_d105881